|
|
|
|
| LEADER |
00000nam0a2200000 4500 |
| 001 |
45446 |
| 005 |
20231031023915.0 |
| 010 |
|
|
|a 523800060X
|
| 035 |
|
|
|a (RuTPU)RU\TPU\book\47241
|
| 090 |
|
|
|a 45446
|
| 100 |
|
|
|a 20021210d2002 m y0rusy50 ca
|
| 101 |
0 |
|
|a rus
|
| 102 |
|
|
|a RU
|
| 105 |
|
|
|a a j 001zy
|
| 200 |
1 |
|
|a Деньги. Кредит. Банки
|e учебник
|f Е. Ф. Жуков, Л. М. Максимова , А. В. Печникова и др.
|g Под ред. Е. Ф. Жукова
|
| 210 |
|
|
|a Москва
|c ЮНИТИ
|d 2002
|
| 215 |
|
|
|a 623 с.
|c ил.
|
| 300 |
|
|
|a Редактор указ. на обл. как автор.
|
| 320 |
|
|
|a Библиогр.: с. 617.
|
| 451 |
|
1 |
|0 (RuTPU)RU\TPU\book\54455
|y 5-238-00474-5
|t Деньги. Кредит. Банки
|o учебник для вузов
|f Под ред. Е. Ф. Жукова
|e 2-е изд., перераб. и доп.
|c М.
|n ЮНИТИ-ДАНА
|d 2003
|p 600 с.
|
| 451 |
|
1 |
|0 (RuTPU)RU\TPU\book\22965
|y 5-238-00060-X
|t Деньги. Кредит. Банки
|o учебник
|f Под ред. Е. Ф. Жукова
|c М.
|n ЮНИТИ
|d 2000
|p 622 с.
|
| 610 |
1 |
|
|a экономика
|
| 610 |
1 |
|
|a финансы
|
| 610 |
1 |
|
|a деньги
|
| 610 |
1 |
|
|a кредит
|
| 610 |
1 |
|
|a банки
|
| 610 |
1 |
|
|a денежная система
|
| 610 |
1 |
|
|a денежное обращение
|
| 610 |
1 |
|
|a валютный курс
|
| 610 |
1 |
|
|a инфляция
|
| 610 |
1 |
|
|a ссудные капиталы
|
| 610 |
1 |
|
|a Центральный банк
|
| 610 |
1 |
|
|a коммерческие банки
|
| 610 |
1 |
|
|a банкирские дома
|
| 610 |
1 |
|
|a инвестиционные банки
|
| 610 |
1 |
|
|a ипотечные банки
|
| 610 |
1 |
|
|a сберегательные банки
|
| 610 |
1 |
|
|a Международный валютный фонд
|
| 610 |
1 |
|
|a Банк международных расчетов
|
| 610 |
1 |
|
|a денежные системы
|
| 610 |
1 |
|
|a страны мира
|
| 610 |
1 |
|
|a банковские системы
|
| 610 |
1 |
|
|a банковское право
|
| 610 |
1 |
|
|a учебники
|
| 686 |
|
|
|a У9(2)26я73
|v LBC/SL-A
|2 rubbk
|
| 701 |
|
1 |
|a Жуков
|b Е. Ф.
|g Евгений Федорович
|
| 701 |
|
1 |
|a Максимова
|b Л. М.
|g Лия Михайловна
|
| 701 |
|
1 |
|a Печникова
|b А. В.
|g Алла Викторовна
|
| 701 |
|
1 |
|a Сидоров
|b В. Н.
|
| 701 |
|
1 |
|a Эрастова
|b С. П.
|
| 701 |
|
1 |
|a Носкова
|b И. Я.
|
| 702 |
|
1 |
|a Жуков
|b Е. Ф.
|g Евгений Федорович
|4 340
|
| 801 |
|
1 |
|a RU
|b 63413507
|c 20021210
|g PSBO
|
| 801 |
|
2 |
|a RU
|b 63413507
|c 20080221
|g PSBO
|
| 900 |
|
|
|a Кредит
|
| 900 |
|
|
|a Банки и банковское дело
|
| 942 |
|
|
|c BK
|
| 954 |
|
|
|a 521600
|b 060400
|